Países localizados na linha do equador. - Statistics

Estatísticas Gerais
  • Esse quiz foi jogado 66 vezes
  • A pontuação média é 8 de 13
Estatísticas das Respostas
Países Resposta % Correto
1 Brasil
96%
3 Equador
96%
2 Colombia
79%
5 Indonésia
75%
9 República Democrática do Congo
75%
10 República do congo
75%
8 Quênia
55%
13 Uganda
51%
4 Gabão
49%
12 Somália
47%
7 Maldivas
32%
11 São Tomé e Príncipe
32%
6 Kiribati
26%
Nenhum quiz correspondente encontrado
Distribuição das Pontuações
Porcentagem de Pessoas com Cada Pontuação
Percentil de Números Respondidos
Sua Pontuação Histórica
Você não jogou esse quiz